00358cam a22000977a 4500008004000000082001200040245011000052260005200162300001100214700003500225180718b1976 xxu||||| |||| 00| 0 eng d aD44 In8 aCase concerning trial of Pakistani prisoners of war (Pakistan V India)cby International Court of Justice aThe HaguebInternational Court of Justicec1976 a177+p. aInternational Court of Justice